New trends ineducation (Record no. 6508)
[ view plain ]
| 000 -LEADER | |
|---|---|
| fixed length control field | 00656nam a22002297i 4500 |
| 003 - CONTROL NUMBER IDENTIFIER | |
| control field | URS |
| 005 - DATE AND TIME OF LATEST TRANSACTION | |
| control field | 20220114152405.0 |
| 008 - FIXED-LENGTH DATA ELEMENTS--GENERAL INFORMATION | |
| fixed length control field | 160507b xxu||||| |||| 00| 0 eng d |
| 020 ## - INTERNATIONAL STANDARD BOOK NUMBER | |
| International Standard Book Number | 9788183138043 |
| 040 ## - CATALOGING SOURCE | |
| Description conventions | rda |
| Transcribing agency | URSP-College Library |
| Language of cataloging | eng |
| 050 ## - LIBRARY OF CONGRESS CALL NUMBER | |
| Item number | 370 Se4n 2011 |
| 100 1# - MAIN ENTRY--PERSONAL NAME | |
| Personal name | Selvam, S.K .Paneer |
| 245 ## - TITLE STATEMENT | |
| Title | New trends ineducation |
| Statement of responsibility, etc. | Selvam, S.K. Paneer |
| 264 #1 - PRODUCTION, PUBLICATION, DISTRIBUTION, MANUFACTURE, AND COPYRIGHT NOTICE | |
| Place of production, publication, distribution, manufacture | New Delhi |
| Name of producer, publisher, distributor, manufacturer | Discovery Pub. House |
| Date of production, publication, distribution, manufacture, or copyright notice | 2011. |
| 300 ## - PHYSICAL DESCRIPTION | |
| Extent | 151pages |
| Dimensions | 21cm |
| 336 ## - CONTENT TYPE | |
| Content type term | text |
| Content type code | txt |
| Source | rdacontent |
| 337 ## - MEDIA TYPE | |
| Media type term | unmediated |
| Media type code | n |
| Source | rdamedia |
| 338 ## - CARRIER TYPE | |
| Carrier type term | volume |
| Carrier type code | nc |
| Source | rdacarrier |
| 500 ## - GENERAL NOTE | |
| General note | Includes bibliography and index |
| 650 #0 - SUBJECT ADDED ENTRY--TOPICAL TERM | |
| Topical term or geographic name entry element | Education. |
| 942 ## - ADDED ENTRY ELEMENTS (KOHA) | |
| Source of classification or shelving scheme | Library of Congress Classification |
| Koha item type | Foreign Books |
| Withdrawn status | Source of classification or shelving scheme | Damaged status | Not for loan | Collection code | Home library | Current library | Shelving location | Date acquired | Coded location qualifier | Total Checkouts | Full call number | Barcode | Date last seen | Copy number | Price effective from | Koha item type |
|---|---|---|---|---|---|---|---|---|---|---|---|---|---|---|---|---|
| Library of Congress Classification | Non-fiction | Pililla College Library | Pililla College Library | General Stacks | 05/07/2016 | purchased | 370 So4n 2011 | URSPIL-3855 | 05/31/2019 | 1 | 05/07/2016 | Foreign Books |